000
00295 a2200145 4500
001
65343
020
_a
9788516095017
040
_c
Anchieta - Pituba
240
1
0
_a
Português 9
_l
por
245
1
0
_a
Português 9
300
_a
278
362
0
_a
2014
650
4
_a
Língua portuguesa
942
_c
BK
999
_c
65343
_d
65343